Faculty of Law Library — Cairo University

Official Online Catalog

الموسوعة الجديدة للعاملين بالقطاع العام والحكومة أهم التشريعات التي تتضمنها. (Record no. 53214)

MARC details
000 -LEADER
fixed length control field 01630nam a2200301 i 4500
003 - CONTROL NUMBER IDENTIFIER
control field EG-GICUC
005 - DATE AND TIME OF LATEST TRANSACTION
control field 20260121101551.0
008 - FIXED-LENGTH DATA ELEMENTS--GENERAL INFORMATION
fixed length control field 251229s19721971ua d|||fr|||| 00| 0 ara d
040 ## - CATALOGING SOURCE
Original cataloging agency EG-GICUC
Language of cataloging ara
Transcribing agency EG-GICUC
Modifying agency EG-GICUC
Description conventions rda
041 0# - LANGUAGE CODE
Language code of text/sound track or separate title ara
082 04 - DEWEY DECIMAL CLASSIFICATION NUMBER
Edition number 21
Classification number 345.4502
Item number م ح . م
092 04 - LOCALLY ASSIGNED DEWEY CALL NUMBER (OCLC)
Edition number 21
099 ## - LOCAL FREE-TEXT CALL NUMBER (OCLC)
Classification number Law1 07 345.4502 م ح . م 1972
100 0# - MAIN ENTRY--PERSONAL NAME
Personal name محمود منصور
Relator term مؤلف.
245 12 - TITLE STATEMENT
Title الموسوعة الجديدة للعاملين بالقطاع العام والحكومة أهم التشريعات التي تتضمنها.
Remainder of title الجزء الأول /
Statement of responsibility, etc. محمود منصور.
264 ## - PRODUCTION, PUBLICATION, DISTRIBUTION, MANUFACTURE, AND COPYRIGHT NOTICE
Place of production, publication, distribution, manufacture القاهرة :
Name of producer, publisher, distributor, manufacturer دار النهضة العربية،
Date of production, publication, distribution, manufacture, or copyright notice 1972.
300 ## - PHYSICAL DESCRIPTION
Extent 462 صفحة :
Other physical details جداول ؛
Dimensions 24 سم.
336 ## - CONTENT TYPE
Source rda content
Content type term text
337 ## - MEDIA TYPE
Source rda media
Media type term Computer
338 ## - CARRIER TYPE
Source rda carrier
Carrier type term Online Resource
500 ## - GENERAL NOTE
General note <br/>التأمينات الاجتماعية المعدل بالقانون رقم (٢) لسنة ١٩٧١ - المعاشات المدينة المعدل بالقانون رقم ١٣ لسنة ١٩٧١ - المؤسسات العامة رقم ٦٠ لسنة ١٩٧١ ولاحتها - نظام العاملين بالقطاع العام رقم 11 لسنة ١٩٧١ والعاملين بالدولة رقم ٥٨ لسنة ١٩٧١ - لائحة بدل السفر والانتقال - تشغيل الأجانب
546 ## - LANGUAGE NOTE
Language note النص باللغة العربية
650 14 - SUBJECT ADDED ENTRY--TOPICAL TERM
Topical term or geographic name entry element تأديب رجال الشرطة
650 14 - SUBJECT ADDED ENTRY--TOPICAL TERM
Topical term or geographic name entry element القانون الإدارى
856 40 - ELECTRONIC LOCATION AND ACCESS
Uniform Resource Identifier <a href="https://fll.law.cu.edu.eg/fulltext/bks/B07-01647.pdf">https://fll.law.cu.edu.eg/fulltext/bks/B07-01647.pdf</a>
905 ## - Cataloger and Reviser Names
Cataloger Name: Roqaia Ahmed
942 ## - ADDED ENTRY ELEMENTS (KOHA)
Source of classification or shelving scheme Dewey Decimal Classification
Koha item type Books
Edition 21
Suppress in OPAC No
Holdings
Withdrawn status Lost status Source of classification or shelving scheme Damaged status Not for loan Collection Home library Current library Date acquired Total checkouts Full call number Barcode Date last seen Copy number Price effective from Koha item type Materials specified (bound volume or other part)
    Dewey Decimal Classification   Not for loan القانون الإداري جــــامعة القــاهرة مكتبة كلية الحقوق - المبنى الرئيسي 29.12.2025   Law1 07 345.4502 م ح . م 1972 0701647 V1 , C1 B07-01647 29.12.2025 1 29.12.2025 Books  
    Dewey Decimal Classification     القانون الإداري جــــامعة القــاهرة مكتبة كلية الحقوق - المبنى الرئيسي 07.01.2026   Law1 07 345.4502 م ح . م 1972 0701593 V1, C2 B07-01593 07.01.2026 2 07.01.2026 Books V1
    Dewey Decimal Classification     القانون الإداري مكتبة كلية الحقوق - فـرع الشيخ زايد مكتبة كلية الحقوق - فـرع الشيخ زايد 05.05.2026   Law2 07 345.4502 م ح . م 1972 0701612 V1 C3 B07-01612 05.05.2026 3 05.05.2026 Books V1

© All rights reserved — Faculty of Law, Cairo University